Engelking-Boni, Barbara, 1962-. The Warsaw Ghetto. - New Haven [u.a.] : Yale Univ. Press. - 2009 [Rezension]
| Titel: | Engelking-Boni, Barbara, 1962-. The Warsaw Ghetto. - New Haven [u.a.] : Yale Univ. Press. - 2009 [Rezension] |
|---|---|
| Verfasser: | |
| In: |
Journal of genocide research, Band 13, Heft 4 (2011), Seite 526-527 alle Artikel anzeigen |
| Veröffentlicht: | 2011 |
| Format: | Aufsatz |
| Sprache: | Englisch |
| Hinweise zum Inhalt: |
zusätzliche Angaben
|
X
alg: 39505584
001A $01999:12-11-16
001B $01999:04-08-21 $t21:03:23.000
001D $01999:12-11-16
001U $0utf8
001X $00
002@ $0Aox
003@ $0395055849
007A $0395055849 $aHEB
007T $0Herdc0078048m
009P $A2 $3zusätzliche Angaben $uhttp://www.tandfonline.com/doi/pdf/10.1080/14623528.2011.637447
010@ $aeng
011@ $a2011
021A $aEngelking-Boni, Barbara, 1962-. The @Warsaw Ghetto. - New Haven {[u.a.] : Yale Univ. Press. - 2009 [Rezension]
028A $aStone $dDan
031A $d13 $e4 $h526-527 $j2011
039B $aIn $8--Abvc--. Journal of genocide research. - Abingdon, Oxfordshire : Routledge, 1999-. - ISSN 1462-3528 $x201100000130004474 $9071389202
039T $8--Aau--Engelking, Barbara$Z1962- [Tp1]. The @Warsaw Ghetto. - New Haven {[u.a.] : Yale Univ. Press, 2009. - XXIX, 906 S.. - Ill., Kt.. - ISBN 978-0-300-11234-4 $9185282326
045F $a900.9438 $eDDC23BSB
045F/01 $a900
045F/03 $g438
045T $aJUDAICA $qDE-30 $2FID
045T $a7,7 $a8
lok: 39505584 78
exp: 39505584 78 1 #EPN
201B/01 $018-11-16 $t13:36:30.000
201U/01 $0utf8
203@/01 $0791354482
208@/01 $a12-11-16 $be
209A/01 $a/ $f000 $x00
220C/01 $aTitelaufnehmer: pg
220C/01 $aHerkunft: HI Marburg
244Z/01 $2Trx $#Poola $#Lenkija $#Polija $#Polen Land $#Poland $#Lengyelország $#Poľsko $#Polsko $8--Trx--Polska$gkraj $x01 $9391345966
244Z/01 $2Trx $#arvustused $#recenzijos $#Reviews $#recenziók $#recenzje $#recenzie $#recenze $8--Trx--Rezensionen $x02 $9391357441
244Z/01 $2Trx $8--Trx--elektronische Ressource $x03 $939138452X
247C/01 $82080>Marburg/Lahn, Herder-Institut, Forschungsbibliothek, Bibliographieportal $9336309341
| LEADER | 00000caa a22000002c 4500 | ||
|---|---|---|---|
| 001 | 395055849 | ||
| 003 | DE-603 | ||
| 005 | 20210804210323.0 | ||
| 007 | tu | ||
| 008 | 161112s2011 xx |||| | u00||u|eng c | ||
| 035 | |a (DE-599)HEB395055849 | ||
| 040 | |a DE-603 |b ger |c DE-603 |d DE-603 | ||
| 041 | |a eng | ||
| 082 | 0 | 4 | |8 1\u |a 900.9438 |q DE-101 |2 23/BSB |
| 084 | |a JUDAICA |q DE-30 |2 fid | ||
| 084 | |a 7,7 |a 8 |2 ssgn | ||
| 085 | |8 1\u |b 900 | ||
| 085 | |8 1\u |z 2 |s 438 | ||
| 100 | 1 | |a Stone, Dan | |
| 245 | 0 | 0 | |a Engelking-Boni, Barbara, 1962-. The Warsaw Ghetto. - New Haven [u.a.] : Yale Univ. Press. - 2009 [Rezension] |
| 264 | 0 | |c 2011 | |
| 773 | 0 | 8 | |i In |t Journal of genocide research |d Abingdon, Oxfordshire : Routledge, 1999- |x 1462-3528 |g Band 13, Heft 4 (2011), Seite 526-527 |w (DE-603)071389202 |w (DE-600)1452128-3 |
| 787 | 0 | 8 | |i Rezension von |a Engelking, Barbara, 1962- |t The Warsaw Ghetto |d New Haven [u.a.] : Yale Univ. Press, 2009 |h XXIX, 906 S., Ill., Kt. |z 9780300112344 |w (DE-603)185282326 |
| 856 | 4 | 2 | |u http://www.tandfonline.com/doi/pdf/10.1080/14623528.2011.637447 |3 zusätzliche Angaben |
| 924 | 0 | |9 2080 |a (DE-603)791354482 |b DE-2080 |c HES |d d |g / | |


